000
00306nam a22001337a 4500
003
SGT
082
_a
616.89
_b
T93F
100
_a
FLEGENHIMER, WATTERV
245
_a
TECHNIQUES OF BRIEF PSYCHOTHERAPY
260
_a
LONDON
_b
JASON ARNOSN
_c
1993
300
_a
206
650
_a
PSYCHOLOGY
942
_2
ddc
_c
BK
999
_c
13933
_d
13933